F1 World Champion Titles Vice-Champion - Statistics

General Stats
  • This quiz has been taken 123 times
  • The average score is 35 of 44
Answer Stats
Driver Years % Correct
7 ๐Ÿ‡ฌ๐Ÿ‡ง Lewis Hamilton 20072016 2021 3
98%
5 ๐Ÿ‡ช๐Ÿ‡ธ Fernando Alonso 20102012 2013 3
97%
8 ๐Ÿ‡ฆ๐Ÿ‡ท Juan Manuel Fangio 19501953 2
96%
18 ๐Ÿ‡ฉ๐Ÿ‡ช Nico Rosberg 20142015 2
96%
6 ๐Ÿ‡ฉ๐Ÿ‡ช Sebastian Vettel 20092017 2018 3
96%
2 ๐Ÿ‡ซ๐Ÿ‡ท Alain Prost 19831984 1988 1990 4
95%
13 ๐Ÿ‡ง๐Ÿ‡ท Ayrton Senna 19891993 2
95%
16 ๐Ÿ‡ซ๐Ÿ‡ฎ Kimi Raikkonen 20032005 2
95%
17 ๐Ÿ‡ฉ๐Ÿ‡ช Michael Schumacher 19982006 2
95%
43 ๐Ÿ‡ง๐Ÿ‡ท Felipe Massa 2008 1
94%
19 ๐Ÿ‡ซ๐Ÿ‡ฎ Valterri Bottas 20192020 2
94%
14 ๐Ÿ‡ฌ๐Ÿ‡ง Damon Hill 19941995 2
92%
3 ๐Ÿ‡ฌ๐Ÿ‡ง Graham Hill 19631964 1965 3
92%
15 ๐Ÿ‡ง๐Ÿ‡ท Rubens Barrichello 20022004 2
92%
44 ๐Ÿ‡ฌ๐Ÿ‡ง Jenson Button 2011 1
91%
30 ๐Ÿ‡ฆ๐Ÿ‡น Niki Lauda 1976 1
91%
41 ๐Ÿ‡ซ๐Ÿ‡ฎ Mika Hakkinen 2000 1
90%
11 ๐Ÿ‡ง๐Ÿ‡ท Emerson Fittipaldi 1973 1975 2
89%
10 ๐Ÿ‡ฌ๐Ÿ‡ง Jackie Stewart 19681972 2
88%
20 ๐Ÿ‡ฎ๐Ÿ‡น Alberto Ascari 1951 1
85%
32 ๐Ÿ‡จ๐Ÿ‡ฆ Gilles Villeneuve 1979 1
85%
21 ๐Ÿ‡ฎ๐Ÿ‡น Giuseppe Farina 1952 1
85%
38 ๐Ÿ‡จ๐Ÿ‡ฆ Jacques Villeneuve 1996 1
85%
4 ๐Ÿ‡ฌ๐Ÿ‡ง Nigel Mansell 19861987 1991 3
85%
33 ๐Ÿ‡ง๐Ÿ‡ท Nelson Piquet 1980 1
84%
1 ๐Ÿ‡ฌ๐Ÿ‡ง Stirling Moss 19551956 1957 1958 4
84%
42 ๐Ÿ‡ฌ๐Ÿ‡ง David Coulthard 2001 1
80%
28 ๐Ÿ‡ฆ๐Ÿ‡บ Jack Brabham 1967 1
80%
31 ๐Ÿ‡ฟ๐Ÿ‡ฆ Jody Scheckter 1977 1
79%
26 ๐Ÿ‡ฌ๐Ÿ‡ง Jim Clark 1962 1
77%
9 ๐Ÿ‡ง๐Ÿ‡ช Jacky Ickx 19691970 2
75%
40 ๐Ÿ‡ฌ๐Ÿ‡ง Eddie Irvine 1999 1
71%
37 ๐Ÿ‡ฎ๐Ÿ‡น Riccardo Patrese 1992 1
65%
24 ๐Ÿ‡ณ๐Ÿ‡ฟ Bruce McLaren 1960 1
64%
34 ๐Ÿ‡ฆ๐Ÿ‡ท Carlos Reutemann 1981 1
64%
12 ๐Ÿ‡ธ๐Ÿ‡ช Ronnie Peterson 19711978 2
64%
39 ๐Ÿ‡ฉ๐Ÿ‡ช Heinz-Harald Frentzen 1997 1
63%
27 ๐Ÿ‡ฌ๐Ÿ‡ง John Surtees 1966 1
62%
29 ๐Ÿ‡จ๐Ÿ‡ญ Clay Regazzoni 1974 1
57%
25 ๐Ÿ‡ฉ๐Ÿ‡ช Wolfgang Von Trips 1961 1
53%
22 ๐Ÿ‡ฆ๐Ÿ‡ท Jose-Froilan Gonzalez 1954 1
50%
36 ๐Ÿ‡ฎ๐Ÿ‡น Michele Alboreto 1985 1
48%
35 ๐Ÿ‡ซ๐Ÿ‡ท Didier Pironi 1982 1
44%
23 ๐Ÿ‡ฌ๐Ÿ‡ง Tony Brooks 1959 1
42%
No matching quizzes found
Score Distribution
Percent of People with Each Score
Percentile by Number Answered
Your Score History
You have not taken this quiz